[Event "April 9 Early 2024"]
[Site "Chess.com"]
[Date "2024.04.09"]
[Round "9"]
[White "Ezat, Mohamed"]
[Black "Kaminski, Victor"]
[Result "1-0"]
[Board "145"]
[WhiteFideId "10600906"]
[BlackFideId "1131630"]
[WhiteTitle "IM"]
[WhiteElo "2524"]
[BlackElo "2357"]
[WhiteTeam "EGY"]
[BlackTeam "CAN"]
[WhiteClock "0:00:48"]
[BlackClock "0:00:00"]
[Variant "Standard"]

1. d4 {[%clk 0:02:37]}  d5 {[%clk 0:02:13]} 2. c4 {[%clk 0:02:35]}  e6 {[%clk 0:02:13]} 3. Nc3 {[%clk 0:02:35]}  c5 {[%clk 0:02:09]} 4. cxd5 {[%clk 0:02:35]}  exd5 {[%clk 0:02:09]} 5. Nf3 {[%clk 0:02:34]}  Nc6 {[%clk 0:02:08]} 6. g3 {[%clk 0:02:34]}  Nf6 {[%clk 0:02:07]} 7. Bg2 {[%clk 0:02:34]}  cxd4 {[%clk 0:02:07]} 8. Nxd4 {[%clk 0:02:34]}  Bc5 {[%clk 0:02:07]} 9. Be3 {[%clk 0:02:25]}  Qb6 {[%clk 0:01:48]} 10. Na4 {[%clk 0:02:14]}  Qb4+ {[%clk 0:01:27]} 11. Kf1 {[%clk 0:01:53]}  Bxd4 {[%clk 0:01:22]} 12. a3 {[%clk 0:01:53]}  Qc4 {[%clk 0:00:32]} 13. Rc1 {[%clk 0:01:52]}  Bxe3 {[%clk 0:00:29]} 14. Rxc4 {[%clk 0:01:51]}  dxc4 {[%clk 0:00:30]} 15. Qd6 {[%clk 0:01:38]}  Bd7 {[%clk 0:00:19]} 16. fxe3 {[%clk 0:01:36]}  O-O-O {[%clk 0:00:19]} 17. Qf4 {[%clk 0:01:22]}  Rhe8 {[%clk 0:00:14]} 18. Nc5 {[%clk 0:01:21]}  Be6 {[%clk 0:00:05]} 19. Nxe6 {[%clk 0:00:52]}  Rxe6 {[%clk 0:00:05]} 20. Bh3 {[%clk 0:00:51]}  Rd1+ {[%clk 0:00:03]} 21. Kg2 {[%clk 0:00:51]}  Rxh1 {[%clk 0:00:01]} 22. Kxh1 {[%clk 0:00:50]}  Nd5 {[%clk 0:00:00]} 23. Qxf7 {[%clk 0:00:48]} 1-0

[Event "April 9 Early 2024"]
[Site "Chess.com"]
[Date "2024.04.09"]
[Round "9"]
[White "Valle Luis, Leo"]
[Black "Martin, Lewis"]
[Result "1-0"]
[Board "146"]
[WhiteFideId "54577187"]
[BlackFideId "410551"]
[WhiteTitle "FM"]
[BlackTitle "FM"]
[WhiteElo "2522"]
[BlackElo "2347"]
[WhiteTeam "ESP"]
[BlackTeam "ENG"]
[WhiteClock "0:01:12"]
[BlackClock "0:01:10"]
[Variant "Standard"]

1. e4 {[%clk 0:02:58]}  c6 {[%clk 0:03:00]} 2. d4 {[%clk 0:02:56]}  d5 {[%clk 0:03:00]} 3. e5 {[%clk 0:02:55]}  Bf5 {[%clk 0:03:00]} 4. h4 {[%clk 0:02:55]}  h5 {[%clk 0:03:00]} 5. Bd3 {[%clk 0:02:56]}  Bxd3 {[%clk 0:02:59]} 6. Qxd3 {[%clk 0:02:57]}  e6 {[%clk 0:03:00]} 7. Nf3 {[%clk 0:02:56]}  Qa5+ {[%clk 0:03:00]} 8. Nbd2 {[%clk 0:02:56]}  Qa6 {[%clk 0:02:59]} 9. c4 {[%clk 0:02:56]}  Ne7 {[%clk 0:02:59]} 10. a4 {[%clk 0:02:53]}  Nd7 {[%clk 0:02:57]} 11. O-O {[%clk 0:02:53]}  O-O-O {[%clk 0:02:55]} 12. b3 {[%clk 0:02:53]}  Nf5 {[%clk 0:02:52]} 13. Qc3 {[%clk 0:02:50]}  dxc4 {[%clk 0:02:46]} 14. bxc4 {[%clk 0:02:48]}  Be7 {[%clk 0:02:39]} 15. Ne4 {[%clk 0:02:36]}  f6 {[%clk 0:02:37]} 16. c5 {[%clk 0:02:27]}  fxe5 {[%clk 0:02:30]} 17. dxe5 {[%clk 0:02:28]}  Kb8 {[%clk 0:02:13]} 18. Nd6 {[%clk 0:02:18]}  Bxd6 {[%clk 0:02:12]} 19. exd6 {[%clk 0:02:15]}  Nf6 {[%clk 0:02:11]} 20. Bg5 {[%clk 0:01:50]}  Rhf8 {[%clk 0:01:55]} 21. Rfb1 {[%clk 0:01:49]}  Ne4 {[%clk 0:01:40]} 22. Qe5 {[%clk 0:01:44]}  Qe2 {[%clk 0:01:34]} 23. Rb2 {[%clk 0:01:26]}  Qc4 {[%clk 0:01:22]} 24. Bxd8 {[%clk 0:01:23]}  Rxd8 {[%clk 0:01:23]} 25. Rab1 {[%clk 0:01:20]}  Rd7 {[%clk 0:01:10]} 26. Rxb7+ {[%clk 0:01:12]} 1-0

[Event "April 9 Early 2024"]
[Site "Chess.com"]
[Date "2024.04.09"]
[Round "9"]
[White "Tarasova, Viktoriya"]
[Black "Mizzi, Jack"]
[Result "1-0"]
[Board "149"]
[WhiteFideId "4175840"]
[BlackFideId "5602521"]
[WhiteTitle "WIM"]
[BlackTitle "CM"]
[WhiteElo "2338"]
[BlackElo "2488"]
[WhiteTeam "RUS"]
[BlackTeam "MLT"]
[WhiteClock "0:01:57"]
[BlackClock "0:00:01"]
[Variant "Standard"]

1. d4 {[%clk 0:02:55]}  Nf6 {[%clk 0:02:59]} 2. c4 {[%clk 0:02:54]}  e6 {[%clk 0:02:54]} 3. Nc3 {[%clk 0:02:53]}  Bb4 {[%clk 0:02:49]} 4. e3 {[%clk 0:02:51]}  d5 {[%clk 0:02:49]} 5. cxd5 {[%clk 0:02:50]}  exd5 {[%clk 0:02:49]} 6. Bd3 {[%clk 0:02:50]}  O-O {[%clk 0:02:48]} 7. Ne2 {[%clk 0:02:51]}  c6 {[%clk 0:02:48]} 8. O-O {[%clk 0:02:51]}  Re8 {[%clk 0:02:48]} 9. Ng3 {[%clk 0:02:51]}  Bxc3 {[%clk 0:02:39]} 10. bxc3 {[%clk 0:02:51]}  Ne4 {[%clk 0:02:39]} 11. Qc2 {[%clk 0:02:47]}  Qh4 {[%clk 0:02:35]} 12. c4 {[%clk 0:02:46]}  Na6 {[%clk 0:02:21]} 13. a3 {[%clk 0:02:45]}  Bd7 {[%clk 0:02:05]} 14. Rb1 {[%clk 0:02:42]}  Rab8 {[%clk 0:01:50]} 15. a4 {[%clk 0:02:20]}  f5 {[%clk 0:01:35]} 16. Ne2 {[%clk 0:02:15]}  g6 {[%clk 0:01:18]} 17. f3 {[%clk 0:02:12]}  Nd6 {[%clk 0:01:14]} 18. cxd5 {[%clk 0:02:11]}  cxd5 {[%clk 0:01:13]} 19. Nf4 {[%clk 0:02:12]}  Rec8 {[%clk 0:00:36]} 20. Qa2 {[%clk 0:02:10]}  Bc6 {[%clk 0:00:26]} 21. Nxd5 {[%clk 0:02:08]}  Nf7 {[%clk 0:00:24]} 22. Nf4 {[%clk 0:02:05]}  Qe7 {[%clk 0:00:10]} 23. Bc4 {[%clk 0:02:05]}  Nc7 {[%clk 0:00:07]} 24. Ba3 {[%clk 0:02:04]}  Qd7 {[%clk 0:00:06]} 25. Ne6 {[%clk 0:02:04]}  Bxa4 {[%clk 0:00:06]} 26. Nxc7 {[%clk 0:01:59]}  Qxc7 {[%clk 0:00:05]} 27. Be6 {[%clk 0:01:59]}  Re8 {[%clk 0:00:04]} 28. Rfc1 {[%clk 0:01:57]}  Qd6 {[%clk 0:00:01]} 1-0

[Event "April 9 Early 2024"]
[Site "Chess.com"]
[Date "2024.04.10"]
[Round "9"]
[White "Filindash, Nikita"]
[Black "Stojanovski, Sandi"]
[Result "1/2-1/2"]
[Board "150"]
[WhiteFideId "34159983"]
[BlackFideId "1403249"]
[WhiteTitle "CM"]
[BlackTitle "FM"]
[WhiteElo "2476"]
[BlackElo "2335"]
[WhiteTeam "CZE"]
[BlackTeam "DEN"]
[WhiteClock "0:00:06"]
[BlackClock "0:00:04"]
[Variant "Standard"]

1. d4 {[%clk 0:02:28]}  Nf6 {[%clk 0:02:59]} 2. c4 {[%clk 0:02:29]}  e6 {[%clk 0:02:58]} 3. Nc3 {[%clk 0:02:29]}  Bb4 {[%clk 0:02:58]} 4. e3 {[%clk 0:02:30]}  O-O {[%clk 0:02:56]} 5. Bd3 {[%clk 0:02:30]}  d5 {[%clk 0:02:56]} 6. Nf3 {[%clk 0:02:29]}  c5 {[%clk 0:02:55]} 7. O-O {[%clk 0:02:30]}  cxd4 {[%clk 0:02:50]} 8. exd4 {[%clk 0:02:29]}  dxc4 {[%clk 0:02:50]} 9. Bxc4 {[%clk 0:02:30]}  Bxc3 {[%clk 0:02:36]} 10. bxc3 {[%clk 0:02:30]}  b6 {[%clk 0:02:36]} 11. Bg5 {[%clk 0:02:29]}  Bb7 {[%clk 0:02:26]} 12. Bd3 {[%clk 0:02:27]}  Nbd7 {[%clk 0:02:23]} 13. Ne5 {[%clk 0:02:23]}  Qb8 {[%clk 0:02:20]} 14. Nxd7 {[%clk 0:02:15]}  Nxd7 {[%clk 0:02:19]} 15. Qh5 {[%clk 0:02:12]}  f5 {[%clk 0:02:05]} 16. Qe2 {[%clk 0:02:08]}  Qd6 {[%clk 0:01:54]} 17. Rfe1 {[%clk 0:02:05]}  Rfe8 {[%clk 0:01:42]} 18. Bc4 {[%clk 0:02:00]}  Bd5 {[%clk 0:01:41]} 19. Bxd5 {[%clk 0:01:58]}  Qxd5 {[%clk 0:01:40]} 20. Bf4 {[%clk 0:01:56]}  Rac8 {[%clk 0:01:39]} 21. Rac1 {[%clk 0:01:55]}  b5 {[%clk 0:01:35]} 22. Be5 {[%clk 0:01:47]}  Nxe5 {[%clk 0:01:20]} 23. Qxe5 {[%clk 0:01:48]}  Qxe5 {[%clk 0:01:17]} 24. Rxe5 {[%clk 0:01:49]}  a6 {[%clk 0:01:17]} 25. h3 {[%clk 0:01:46]}  Kf7 {[%clk 0:01:16]} 26. a4 {[%clk 0:01:43]}  bxa4 {[%clk 0:01:13]} 27. Ra5 {[%clk 0:01:43]}  Rc4 {[%clk 0:01:11]} 28. Rxa6 {[%clk 0:01:43]}  Rec8 {[%clk 0:01:10]} 29. Ra1 {[%clk 0:01:40]}  Rxc3 {[%clk 0:01:04]} 30. R1xa4 {[%clk 0:01:39]}  Rc1+ {[%clk 0:00:54]} 31. Kh2 {[%clk 0:01:39]}  R8c2 {[%clk 0:00:53]} 32. Ra7+ {[%clk 0:01:33]}  Kf6 {[%clk 0:00:52]} 33. Kg3 {[%clk 0:01:31]}  Rd1 {[%clk 0:00:44]} 34. Ra2 {[%clk 0:00:48]}  Rxa2 {[%clk 0:00:43]} 35. Rxa2 {[%clk 0:00:49]}  Rxd4 {[%clk 0:00:43]} 36. f4 {[%clk 0:00:49]}  Rd3+ {[%clk 0:00:41]} 37. Kf2 {[%clk 0:00:48]}  g5 {[%clk 0:00:32]} 38. Ra7 {[%clk 0:00:36]}  gxf4 {[%clk 0:00:17]} 39. Rxh7 {[%clk 0:00:37]}  e5 {[%clk 0:00:18]} 40. Ra7 {[%clk 0:00:20]}  e4 {[%clk 0:00:18]} 41. Ra2 {[%clk 0:00:19]}  Kg5 {[%clk 0:00:15]} 42. Ra8 {[%clk 0:00:15]}  Rd2+ {[%clk 0:00:10]} 43. Kf1 {[%clk 0:00:08]}  Rb2 {[%clk 0:00:11]} 44. Rg8+ {[%clk 0:00:08]}  Kf6 {[%clk 0:00:11]} 45. Rf8+ {[%clk 0:00:07]}  Ke5 {[%clk 0:00:11]} 46. Rc8 {[%clk 0:00:08]}  Kd4 {[%clk 0:00:11]} 47. Rf8 {[%clk 0:00:08]}  Rb5 {[%clk 0:00:06]} 48. Ra8 {[%clk 0:00:07]}  Ke5 {[%clk 0:00:05]} 49. Re8+ {[%clk 0:00:06]}  Kd4 {[%clk 0:00:05]} 50. Ra8 {[%clk 0:00:07]}  Kc3 {[%clk 0:00:04]} 51. Ra3+ {[%clk 0:00:07]}  Kd2 {[%clk 0:00:04]} 52. Ra2+ {[%clk 0:00:07]}  Ke3 {[%clk 0:00:04]} 53. Ra3+ {[%clk 0:00:07]}  Kd4 {[%clk 0:00:04]} 54. Ra8 {[%clk 0:00:06]} 1/2-1/2

[Event "April 9 Early 2024"]
[Site "Chess.com"]
[Date "2024.04.09"]
[Round "9"]
[White "Bauyrzhan, Arnash"]
[Black "Krivenko, Dion"]
[Result "1-0"]
[Board "154"]
[WhiteFideId "13706322"]
[BlackFideId "4508378"]
[WhiteTitle "WFM"]
[BlackTitle "CM"]
[WhiteElo "2320"]
[BlackElo "2444"]
[WhiteTeam "KAZ"]
[BlackTeam "EST"]
[WhiteClock "0:00:08"]
[BlackClock "0:00:31"]
[Variant "Standard"]

1. e4 {[%clk 0:03:00]}  e5 {[%clk 0:02:56]} 2. Nf3 {[%clk 0:03:00]}  Nc6 {[%clk 0:02:56]} 3. d4 {[%clk 0:03:00]}  exd4 {[%clk 0:02:54]} 4. Bc4 {[%clk 0:03:00]}  Bc5 {[%clk 0:02:43]} 5. c3 {[%clk 0:03:00]}  Nf6 {[%clk 0:02:35]} 6. cxd4 {[%clk 0:02:52]}  Bb4+ {[%clk 0:02:35]} 7. Bd2 {[%clk 0:02:44]}  Bxd2+ {[%clk 0:02:30]} 8. Nbxd2 {[%clk 0:02:43]}  d5 {[%clk 0:02:31]} 9. exd5 {[%clk 0:02:33]}  Nxd5 {[%clk 0:02:30]} 10. Qe2+ {[%clk 0:02:28]}  Be6 {[%clk 0:02:30]} 11. O-O {[%clk 0:02:12]}  O-O {[%clk 0:02:29]} 12. Qe4 {[%clk 0:01:50]}  Re8 {[%clk 0:02:16]} 13. Ne5 {[%clk 0:01:33]}  Nce7 {[%clk 0:01:28]} 14. Rac1 {[%clk 0:00:52]}  c6 {[%clk 0:01:26]} 15. Nb3 {[%clk 0:00:45]}  Nf6 {[%clk 0:01:17]} 16. Qh4 {[%clk 0:00:44]}  Bxc4 {[%clk 0:01:17]} 17. Nxc4 {[%clk 0:00:38]}  Nf5 {[%clk 0:01:16]} 18. Qf4 {[%clk 0:00:37]}  Nd6 {[%clk 0:01:07]} 19. Qxd6 {[%clk 0:00:34]}  Qc8 {[%clk 0:01:03]} 20. Qg3 {[%clk 0:00:31]}  Ne4 {[%clk 0:01:03]} 21. Qf4 {[%clk 0:00:30]}  b5 {[%clk 0:00:45]} 22. Ne5 {[%clk 0:00:27]}  Nf6 {[%clk 0:00:43]} 23. Rxc6 {[%clk 0:00:25]}  Qd8 {[%clk 0:00:42]} 24. Rfc1 {[%clk 0:00:22]}  Qd5 {[%clk 0:00:36]} 25. Rc7 {[%clk 0:00:20]}  Rf8 {[%clk 0:00:36]} 26. Qf3 {[%clk 0:00:18]}  Qd8 {[%clk 0:00:31]} 27. Qb7 {[%clk 0:00:16]}  a6 {[%clk 0:00:30]} 28. Rxf7 {[%clk 0:00:15]}  Rxf7 {[%clk 0:00:30]} 29. Qxf7+ {[%clk 0:00:15]}  Kh8 {[%clk 0:00:30]} 30. Qe6 {[%clk 0:00:15]}  Qe8 {[%clk 0:00:22]} 31. Nf7+ {[%clk 0:00:14]}  Kg8 {[%clk 0:00:22]} 32. Ng5+ {[%clk 0:00:09]}  Kh8 {[%clk 0:00:19]} 33. Qxe8+ {[%clk 0:00:07]}  Rxe8 {[%clk 0:00:20]} 34. f3 {[%clk 0:00:08]}  h6 {[%clk 0:00:21]} 35. Nf7+ {[%clk 0:00:07]}  Kg8 {[%clk 0:00:21]} 36. Ne5 {[%clk 0:00:08]}  Nd5 {[%clk 0:00:21]} 37. Nc5 {[%clk 0:00:07]}  Kh7 {[%clk 0:00:19]} 38. Nxa6 {[%clk 0:00:07]}  Ra8 {[%clk 0:00:18]} 39. Nc7 {[%clk 0:00:06]}  Rc8 {[%clk 0:00:18]} 40. Nxd5 {[%clk 0:00:04]}  Rxc1+ {[%clk 0:00:18]} 41. Kf2 {[%clk 0:00:05]}  Rc2+ {[%clk 0:00:19]} 42. Kg3 {[%clk 0:00:05]}  Rxb2 {[%clk 0:00:20]} 43. Nc3 {[%clk 0:00:04]}  b4 {[%clk 0:00:19]} 44. Nd5 {[%clk 0:00:03]}  Rxa2 {[%clk 0:00:15]} 45. Nxb4 {[%clk 0:00:04]}  Ra4 {[%clk 0:00:16]} 46. Nbc6 {[%clk 0:00:04]}  g6 {[%clk 0:00:11]} 47. d5 {[%clk 0:00:04]}  Kg7 {[%clk 0:00:11]} 48. d6 {[%clk 0:00:05]}  Kf6 {[%clk 0:00:11]} 49. d7 {[%clk 0:00:05]}  Ra8 {[%clk 0:00:12]} 50. d8=Q+ {[%clk 0:00:05]}  Rxd8 {[%clk 0:00:13]} 51. Nxd8 {[%clk 0:00:06]}  Kxe5 {[%clk 0:00:14]} 52. Nf7+ {[%clk 0:00:06]}  Kf6 {[%clk 0:00:14]} 53. Nxh6 {[%clk 0:00:07]}  Kg5 {[%clk 0:00:15]} 54. Ng4 {[%clk 0:00:07]}  Kf5 {[%clk 0:00:15]} 55. h4 {[%clk 0:00:08]}  Ke6 {[%clk 0:00:15]} 56. Kf4 {[%clk 0:00:08]}  Kf7 {[%clk 0:00:15]} 57. Kg5 {[%clk 0:00:09]}  Kg7 {[%clk 0:00:15]} 58. Ne5 {[%clk 0:00:09]}  Kh7 {[%clk 0:00:15]} 59. Nxg6 {[%clk 0:00:09]}  Kg7 {[%clk 0:00:16]} 60. h5 {[%clk 0:00:10]}  Kh7 {[%clk 0:00:17]} 61. h6 {[%clk 0:00:10]}  Kg8 {[%clk 0:00:18]} 62. Ne7+ {[%clk 0:00:09]}  Kh7 {[%clk 0:00:19]} 63. Kh5 {[%clk 0:00:09]}  Kh8 {[%clk 0:00:20]} 64. Nf5 {[%clk 0:00:09]}  Kg8 {[%clk 0:00:21]} 65. Kg6 {[%clk 0:00:08]}  Kh8 {[%clk 0:00:21]} 66. Ng7 {[%clk 0:00:06]}  Kg8 {[%clk 0:00:22]} 67. Ne6 {[%clk 0:00:06]}  Kh8 {[%clk 0:00:23]} 68. Ng5 {[%clk 0:00:05]}  Kg8 {[%clk 0:00:23]} 69. h7+ {[%clk 0:00:05]}  Kf8 {[%clk 0:00:22]} 70. h8=Q+ {[%clk 0:00:05]}  Ke7 {[%clk 0:00:23]} 71. Qf6+ {[%clk 0:00:05]}  Kd7 {[%clk 0:00:24]} 72. f4 {[%clk 0:00:05]}  Ke8 {[%clk 0:00:25]} 73. Qg7 {[%clk 0:00:05]}  Kd8 {[%clk 0:00:25]} 74. Qf7 {[%clk 0:00:05]}  Kc8 {[%clk 0:00:26]} 75. Qe7 {[%clk 0:00:06]}  Kb8 {[%clk 0:00:27]} 76. Qd7 {[%clk 0:00:06]}  Ka8 {[%clk 0:00:27]} 77. Kf6 {[%clk 0:00:06]}  Kb8 {[%clk 0:00:28]} 78. Ke6 {[%clk 0:00:07]}  Ka8 {[%clk 0:00:29]} 79. Kd6 {[%clk 0:00:07]}  Kb8 {[%clk 0:00:30]} 80. Kc6 {[%clk 0:00:08]}  Ka8 {[%clk 0:00:31]} 81. Qb7# {[%clk 0:00:08]} 1-0

[Event "April 9 Early 2024"]
[Site "Chess.com"]
[Date "2024.04.09"]
[Round "9"]
[White "Padmini, Rout"]
[Black "Rohwer, Paul"]
[Result "1-0"]
[Board "155"]
[WhiteFideId "5029295"]
[BlackFideId "2007827"]
[WhiteTitle "IM"]
[WhiteElo "2442"]
[BlackElo "2312"]
[WhiteTeam "IND"]
[BlackTeam "USA"]
[WhiteClock "0:01:32"]
[BlackClock "0:01:37"]
[Variant "Standard"]

1. e4 {[%clk 0:03:00]}  c5 {[%clk 0:02:59]} 2. Nf3 {[%clk 0:03:00]}  d6 {[%clk 0:03:00]} 3. d4 {[%clk 0:02:59]}  cxd4 {[%clk 0:03:01]} 4. Nxd4 {[%clk 0:02:59]}  Nf6 {[%clk 0:03:01]} 5. Nc3 {[%clk 0:02:59]}  e5 {[%clk 0:03:02]} 6. Bb5+ {[%clk 0:02:31]}  Nfd7 {[%clk 0:02:59]} 7. Nf5 {[%clk 0:02:28]}  a6 {[%clk 0:03:00]} 8. Bc4 {[%clk 0:02:20]}  Nb6 {[%clk 0:02:47]} 9. Bb3 {[%clk 0:02:17]}  Bxf5 {[%clk 0:02:47]} 10. exf5 {[%clk 0:02:18]}  Nc6 {[%clk 0:02:47]} 11. Be3 {[%clk 0:02:10]}  Be7 {[%clk 0:02:37]} 12. Qh5 {[%clk 0:02:05]}  O-O {[%clk 0:02:31]} 13. g4 {[%clk 0:01:40]}  Nd7 {[%clk 0:02:29]} 14. g5 {[%clk 0:01:38]}  Nd4 {[%clk 0:02:06]} 15. f6 {[%clk 0:01:33]}  gxf6 {[%clk 0:01:51]} 16. g6 {[%clk 0:01:32]}  hxg6 {[%clk 0:01:42]} 17. Qxg6+ {[%clk 0:01:32]}  Kh8 {[%clk 0:01:43]} 18. Qh6+ {[%clk 0:01:32]}  Kg8 {[%clk 0:01:37]} 19. Rg1# {[%clk 0:01:32]} 1-0

[Event "April 9 Early 2024"]
[Site "Chess.com"]
[Date "2024.04.09"]
[Round "9"]
[White "Averchenko, Sergej"]
[Black "Rosenberg, Evan S"]
[Result "0-1"]
[Board "157"]
[WhiteFideId "4131533"]
[BlackFideId "2019299"]
[WhiteTitle "FM"]
[WhiteElo "2302"]
[BlackElo "2441"]
[WhiteTeam "RUS"]
[BlackTeam "USA"]
[WhiteClock "0:00:24"]
[BlackClock "0:00:44"]
[Variant "Standard"]

1. d4 {[%clk 0:03:00]}  d5 {[%clk 0:02:59]} 2. e4 {[%clk 0:02:59]}  e6 {[%clk 0:02:56]} 3. e5 {[%clk 0:02:58]}  c5 {[%clk 0:02:56]} 4. c3 {[%clk 0:02:57]}  Nc6 {[%clk 0:02:56]} 5. Nf3 {[%clk 0:02:58]}  Bd7 {[%clk 0:02:56]} 6. a3 {[%clk 0:02:56]}  c4 {[%clk 0:02:53]} 7. Nbd2 {[%clk 0:02:53]}  Qb6 {[%clk 0:02:26]} 8. Be2 {[%clk 0:02:52]}  Na5 {[%clk 0:02:24]} 9. O-O {[%clk 0:02:49]}  Ne7 {[%clk 0:02:18]} 10. Rb1 {[%clk 0:02:38]}  Nb3 {[%clk 0:02:09]} 11. Nxb3 {[%clk 0:02:36]}  cxb3 {[%clk 0:02:00]} 12. c4 {[%clk 0:02:36]}  dxc4 {[%clk 0:01:58]} 13. Bxc4 {[%clk 0:02:34]}  Nf5 {[%clk 0:01:52]} 14. d5 {[%clk 0:02:27]}  Bc5 {[%clk 0:01:47]} 15. Qxb3 {[%clk 0:02:21]}  O-O {[%clk 0:01:43]} 16. d6 {[%clk 0:02:11]}  Qxb3 {[%clk 0:01:40]} 17. Bxb3 {[%clk 0:02:10]}  f6 {[%clk 0:01:41]} 18. Bf4 {[%clk 0:02:03]}  g5 {[%clk 0:01:36]} 19. Bg3 {[%clk 0:01:59]}  Nxg3 {[%clk 0:01:29]} 20. hxg3 {[%clk 0:01:56]}  g4 {[%clk 0:01:29]} 21. Rbc1 {[%clk 0:01:36]}  Bb6 {[%clk 0:01:29]} 22. Nd2 {[%clk 0:01:27]}  fxe5 {[%clk 0:01:29]} 23. Nc4 {[%clk 0:01:16]}  Bd4 {[%clk 0:01:28]} 24. Rfe1 {[%clk 0:01:12]}  Bxf2+ {[%clk 0:01:28]} 25. Kh2 {[%clk 0:01:10]}  Bxe1 {[%clk 0:01:27]} 26. Rxe1 {[%clk 0:01:11]}  Bc6 {[%clk 0:01:11]} 27. Nxe5 {[%clk 0:01:08]}  Bd5 {[%clk 0:01:11]} 28. Bxd5 {[%clk 0:01:03]}  exd5 {[%clk 0:01:12]} 29. Rd1 {[%clk 0:00:59]}  Rf5 {[%clk 0:00:59]} 30. Rxd5 {[%clk 0:00:58]}  Rd8 {[%clk 0:00:52]} 31. d7 {[%clk 0:00:57]}  Kg7 {[%clk 0:00:51]} 32. b4 {[%clk 0:00:43]}  h5 {[%clk 0:00:51]} 33. b5 {[%clk 0:00:24]}  Kf6 {[%clk 0:00:44]} 0-1

[Event "April 9 Early 2024"]
[Site "Chess.com"]
[Date "2024.04.09"]
[Round "9"]
[White "Tang, Zoey"]
[Black "Vincenti, Leonardo"]
[Result "0-1"]
[Board "160"]
[WhiteFideId "30952530"]
[BlackFideId "28550820"]
[WhiteTitle "FM"]
[BlackTitle "CM"]
[WhiteElo "2429"]
[BlackElo "2290"]
[WhiteTeam "USA"]
[BlackTeam "ITA"]
[WhiteClock "0:00:09"]
[BlackClock "0:00:51"]
[Variant "Standard"]

1. d4 {[%clk 0:02:01]}  Nf6 {[%clk 0:02:57]} 2. Bg5 {[%clk 0:02:01]}  d5 {[%clk 0:02:53]} 3. e3 {[%clk 0:02:00]}  e6 {[%clk 0:02:50]} 4. c4 {[%clk 0:01:59]}  dxc4 {[%clk 0:02:48]} 5. Bxc4 {[%clk 0:01:59]}  Be7 {[%clk 0:02:46]} 6. Nc3 {[%clk 0:01:59]}  a6 {[%clk 0:02:44]} 7. a4 {[%clk 0:01:55]}  c5 {[%clk 0:02:36]} 8. Nge2 {[%clk 0:01:53]}  cxd4 {[%clk 0:02:31]} 9. Nxd4 {[%clk 0:01:53]}  Bd7 {[%clk 0:02:27]} 10. Qb3 {[%clk 0:01:51]}  Nc6 {[%clk 0:02:20]} 11. Nxc6 {[%clk 0:01:44]}  Bxc6 {[%clk 0:02:21]} 12. Rd1 {[%clk 0:01:43]}  Qa5 {[%clk 0:02:15]} 13. Bxf6 {[%clk 0:01:42]}  Bxf6 {[%clk 0:02:16]} 14. O-O {[%clk 0:01:42]}  O-O {[%clk 0:02:08]} 15. Ra1 {[%clk 0:01:35]}  Qg5 {[%clk 0:02:07]} 16. g3 {[%clk 0:01:29]}  Qf5 {[%clk 0:02:00]} 17. f4 {[%clk 0:01:25]}  Qc5 {[%clk 0:01:52]} 18. Rae1 {[%clk 0:01:20]}  Rfd8 {[%clk 0:01:42]} 19. f5 {[%clk 0:01:15]}  Rd2 {[%clk 0:01:16]} 20. Ne2 {[%clk 0:00:54]}  Rxb2 {[%clk 0:01:09]} 21. Qd3 {[%clk 0:00:44]}  Rd8 {[%clk 0:01:05]} 22. fxe6 {[%clk 0:00:11]}  Rxd3 {[%clk 0:01:02]} 23. exf7+ {[%clk 0:00:12]}  Kf8 {[%clk 0:01:00]} 24. Nf4 {[%clk 0:00:09]}  Rxe3 {[%clk 0:00:51]} 0-1

[Event "April 9 Early 2024"]
[Site "Chess.com"]
[Date "2024.04.09"]
[Round "9"]
[White "Schut, Han"]
[Black "Darmanin, Jake"]
[Result "0-1"]
[Board "162"]
[WhiteFideId "1005561"]
[BlackFideId "5601061"]
[WhiteTitle "CM"]
[BlackTitle "CM"]
[WhiteElo "2277"]
[BlackElo "2428"]
[WhiteTeam "NED"]
[BlackTeam "MLT"]
[WhiteClock "0:00:00"]
[BlackClock "0:00:01"]
[Variant "Standard"]

1. e4 {[%clk 0:02:53]}  e5 {[%clk 0:02:59]} 2. Nf3 {[%clk 0:02:53]}  Nc6 {[%clk 0:03:00]} 3. Bc4 {[%clk 0:02:54]}  Nf6 {[%clk 0:03:00]} 4. d4 {[%clk 0:02:54]}  exd4 {[%clk 0:02:59]} 5. e5 {[%clk 0:02:55]}  d5 {[%clk 0:02:59]} 6. Bb5 {[%clk 0:02:55]}  Ne4 {[%clk 0:02:59]} 7. Nxd4 {[%clk 0:02:55]}  Bd7 {[%clk 0:03:00]} 8. Bxc6 {[%clk 0:02:56]}  bxc6 {[%clk 0:03:00]} 9. O-O {[%clk 0:02:56]}  Bc5 {[%clk 0:03:01]} 10. f3 {[%clk 0:02:56]}  Ng5 {[%clk 0:03:01]} 11. Be3 {[%clk 0:02:57]}  f6 {[%clk 0:02:58]} 12. f4 {[%clk 0:02:51]}  Ne4 {[%clk 0:02:52]} 13. Nd2 {[%clk 0:02:40]}  Nxd2 {[%clk 0:02:51]} 14. Qxd2 {[%clk 0:02:40]}  O-O {[%clk 0:02:46]} 15. Nb3 {[%clk 0:02:33]}  Bb6 {[%clk 0:02:44]} 16. Qc3 {[%clk 0:02:23]}  fxe5 {[%clk 0:02:40]} 17. fxe5 {[%clk 0:02:22]}  Qe7 {[%clk 0:02:38]} 18. Bc5 {[%clk 0:02:09]}  Bf5 {[%clk 0:02:30]} 19. a4 {[%clk 0:02:00]}  Be4 {[%clk 0:02:24]} 20. a5 {[%clk 0:01:55]}  Bxc5+ {[%clk 0:02:24]} 21. Nxc5 {[%clk 0:01:55]}  Bg6 {[%clk 0:02:11]} 22. b4 {[%clk 0:01:25]}  Rae8 {[%clk 0:02:02]} 23. Rxf8+ {[%clk 0:01:20]}  Kxf8 {[%clk 0:02:03]} 24. Re1 {[%clk 0:01:15]}  Kg8 {[%clk 0:01:53]} 25. Qd2 {[%clk 0:01:08]}  Qh4 {[%clk 0:01:41]} 26. c3 {[%clk 0:01:03]}  Qc4 {[%clk 0:01:33]} 27. e6 {[%clk 0:00:48]}  h6 {[%clk 0:01:33]} 28. Qd4 {[%clk 0:00:46]}  Qa2 {[%clk 0:01:28]} 29. Rf1 {[%clk 0:00:42]}  Qe2 {[%clk 0:01:24]} 30. Qf2 {[%clk 0:00:39]}  Qe5 {[%clk 0:01:19]} 31. Qf7+ {[%clk 0:00:33]}  Bxf7 {[%clk 0:01:12]} 32. exf7+ {[%clk 0:00:32]}  Kh7 {[%clk 0:00:57]} 33. Nd7 {[%clk 0:00:25]}  Qe3+ {[%clk 0:00:52]} 34. Kh1 {[%clk 0:00:25]}  Qf2 {[%clk 0:00:25]} 35. f8=Q {[%clk 0:00:05]}  Qe2 {[%clk 0:00:06]} 36. Qf5+ {[%clk 0:00:03]}  Kh8 {[%clk 0:00:06]} 37. Nf8 {[%clk 0:00:03]}  Qe4 {[%clk 0:00:02]} 38. Ng6+ {[%clk 0:00:00]}  Kg8 {[%clk 0:00:01]} 0-1